Представление документа в формате RUSMARC

ПолеНазваниеЗначение
  Тип записи a
  Библиографический уровень m
001 Контрольный номер RU/SLIB/B/208713088
005 Дата корректировки 20260129122031.4
010 Индекс ISBN __
a ISBN 5-02-028217-0
010 Индекс ISBN __
a ISBN 5-87399-014-x
d Цена 60-00
101 Язык документа 0_
a Язык текста rus
c Язык оригинала rus
200 Заглавие и сведения об ответственности 0_
a Заглавие История Рима. Т. 5. Провинции от Цезаря до Диоклетиана
f Первые сведения об ответственности Т. Моммзен
b Общее обозначение материала Текст
210 Выходные данные 1_
a Место издания СПб.
c Издательство Наука
c Издательство Ювента
d Дата издания 1999
215 Физическое описание __
a Объем 560 с.
e Сопроводительные материалы 4 л. к.
225 Серия 2_
a Серия Историческая библиотека
320 Библиография __
a Библиография Указ. имен: с. 485-559
327 Примечание о содержании 0_
a Примечание о содержании Северная граница Италии
330 Аннотация __
a Аннотация В томе описано крупное продвижение римлян при Августе и урегулирование северной границы, а также история отдельных частей империи в период от Цезаря до Диоклетиана.
600 Персоналии _1
a Персоналии (Фамилия) Цезарь
600 Персоналии _1
a Персоналии (Фамилия) Диоклетиан
606 Тематические рубрики __
a Основная рубрика История
y Географическая подрубрика Италия; Испания; Рим; Германия; Англия; Великобритания; Греция; Сирия; Египет; Африка
606 Тематические рубрики __
a Основная рубрика Древний мир
610 Ключевые слова 0_
a Ключевые слова войны; внешняя политика; внутренняя политика; государственная безопасность; политика; народы мира; античность; национальности; этносы; конфликты; народы; границы; вооруженные конфликты; иудейская война; провинции; племена; Парфянская война; скифы; эллинизм; готы; готские войны; даки
686 Индексы других классификаций __
a Классификационный индекс 63.3(0)32 ; ст63.3(0)32
700 Автор _1
a Фамилия Моммзен
b Имя Т.
g Полное личное имя Теодор
4 Код отношения 070
801 Источник записи _0
a Страна RU
b Организация Муниципальное бюджетное учреждение культуры "Централизованная библиотечная система" г. Сургут (Центральная городская библиотека им. А. С. Пушкина)
g Правила каталогизации КиК/Тесленко
801 Источник записи _1
a Страна RU
b Организация Муниципальное бюджетное учреждение культуры "Централизованная библиотечная система" г. Сургут (Центральная городская библиотека им. А. С. Пушкина)
g Правила каталогизации КиК/Тесленко
852 Данные о местонахождении __
j Шифр хранения 63.3(0)32
c Каталожный индекс 63.3(0)32
i Авторский знак М 76
901 Тип документа __
t Тип документа m
903 Характеристики (МАРС) __
a Дата передачи 20010518
990 Данные о заказе (DOS) __
t N записи в КСУ для И/У (DOS) 200105
j Количество экземпляров (DOS) 5